000
00302nam a22001337a 4500
008
171023b xxu||||| |||| 00| 0 eng d
020
_a
9780077327934
041
_a
eng
080
_a
338
100
_a
54
101
_a
MO
245
_a
PRACTICAL BUSINESS MATH PROCEDURES
_c
SLATER, H
942
_2
udc
_c
BK
999
_c
35544
_d
35544